000 00484cam a2200205ua 4500
001 7562
008 141217n ii |||gr||||Z||||||eng
020 _a97819002465
040 _cMAIN
041 _aeng
082 _a005
100 _aHerbert, Schildt,
_eAuthor.
245 1 _aJava
_cBy Herbert Schildt
250 _a8th.
260 _aNew Delhi:
_bTata mcgraw,
_c2012.
300 _axxx,1116p.
653 _aComputer programming, programs & data
653 _aJava
942 _cBK
999 _c6684
_d6684